|
|
|
|
| LEADER |
01173nam a2200265 a 4500 |
| 001 |
3741394 |
| 008 |
100222s1974 nyua b 000 0 eng d |
| 010 |
|
|
|a 81173150
|
| 040 |
|
|
|a DLC
|c DLC
|d DLC
|d BD-DhAAL
|
| 082 |
0 |
0 |
|a 334/.683/095492
|2 19
|
| 100 |
1 |
|
|a Blair, Harry W.
|
| 245 |
1 |
4 |
|a The elusiveness of equity :
|b institutional approaches to rural development in Bangladesh /
|c Harry W. Blair.
|
| 260 |
|
|
|a Ithaca, N.Y. :
|b Rural Development Committee, Center for International Studies, Cornell University,
|c 1974
|
| 300 |
|
|
|a vi, 127 p. :
|b ill. ;
|c 28 cm.
|
| 490 |
0 |
|
|a Special series on rural local government ;
|v no. 1
|
| 500 |
|
|
|a "November 1974"--T.p. verso.
|
| 504 |
|
|
|a Includes Bibliography (p. 111-127.)
|
| 541 |
1 |
|
|e 00001026
|
| 650 |
|
0 |
|a Agriculture, Cooperative
|z Bangladesh.
|
| 650 |
|
0 |
|a Rural development
|z Bangladesh.
|
| 650 |
|
0 |
|a Agriculture
|x Economic aspects
|z Bangladesh.
|
| 650 |
|
0 |
|a Local government
|z Bangladesh.
|
| 852 |
4 |
|
|a Ayesha Abed Library
|j General shelf
|
| 999 |
|
|
|c 7918
|d 7918
|
| 952 |
|
|
|0 0
|1 0
|2 ddc
|4 0
|6 334_683095492000000_BLA_1974
|7 0
|9 8889
|a BRACUL
|b BRACUL
|c GEN
|d 2010-03-30
|g 385.00
|l 0
|o 334.683095492 BLA
|p 3010001026
|r 2010-03-30
|t 1
|w 2010-03-30
|y BK
|